000 00405nam a2200181Ia 4500
001 1446
005 20260306143729.0
008 260306t1999||||xx |||||||||||||| ||spa||
041 _aESP
082 _a150.195
_bA59
100 _aAndereggen, Ignacio
_eAUT
245 0 _aLa psicologĂ­a ante la gracia
260 _c1999
300 _a
_c
650 _aGEN
654 _aCPS
942 _cLIB
_dJUS
_fJUS
_2ddc
_n
999 _c1446
_d1446